[Event "Athens Acropolis op"]
[Site "Athens"]
[Date "2005.03.11"]
[Round "6.1"]
[White "Avrukh, Boris"]
[Black "Gashimov, Vugar"]
[Result "1-0"]
[WhiteElo "2629"]
[BlackElo "2585"]
[Annotator "Avrukh,B"]
[PlyCount "97"]
[EventDate "2005.03.06"]
[EventType "swiss"]
[EventRounds "9"]
[EventCountry "GRE"]
[SourceTitle "CBM 105 Extra"]
[Source "ChessBase"]
[SourceDate "2005.05.01"]
[SourceVersion "1"]
[SourceVersionDate "2005.05.01"]
[SourceQuality "1"]

1. d4 Nf6 2. c4 e6 3. Nf3 c5 4. d5 exd5 5. cxd5 g6 6. Nc3 Bg7 7. g3 d6 8. Bg2
O-O 9. O-O Re8 10. Nd2 a6 {Black may also opt for 10...Na6} 11. a4 Nbd7 12. h3
{An important prophylactical move. White has to control the g4-square in order
to restrict the mobility of Black's knight.} (12. e4 Ne5 {[%csl Gd3]}) 12...
Rb8 (12... Ne5 $140 $2 13. f4) 13. Nc4 Nb6 ({The alternative is} 13... Ne5 14.
Na3 Nh5 15. e4 {which leads to an extremely complex play, where Black often
sacrifices a piece for the initiative.}) 14. Na3 ({Doesn't work} 14. Nxd6 $2
Qxd6 15. Bf4 Re5 $1) 14... Bd7 15. e4 ({Premature would be} 15. a5 {Black
comes into possession of the b5 square which gives him a sufficient
counterplay e.g.} Nc8 16. Nc4 Bb5 17. Qb3 Bxc4 18. Qxc4 Nd7 $132) 15... Nc8 16.
Qd3 {[%csl Gb5] Preventing b7-b5.} b5 $6 {This sacrifice is seldom played and
in my opinion it's not sufficient for equality.} ({The main line is} 16... Qc7
17. Be3 Na7 {where White can choose between} 18. Nc4 ({and} 18. Rfc1)) 17. axb5
axb5 18. Naxb5 Bxb5 19. Nxb5 Nd7 {[%cal Gd7e5] Black hopes that his pressure
on the queenside would neutralize White's extra pawn.} 20. Qe2 $146 {This
seems to me like a serious improvement of White's play.} ({Ljubojevic against
Barlov, Vrbas 1982 preferred} 20. Nc3 Ne5 21. Qc2 {and here} c4 {was very
strong getting a strong outpost on d3.} ({Barlov played} 21... Qb6 22. Ra3 Nc4
$4 23. Qa4 $1 {and resigned right away.})) ({Another game saw:} 20. Na3 Rb4 ({
I don't see any reason why not to take on b2.} 20... Bxb2 $142 21. Bxb2 Rxb2
22. Nc4 Rb4 $132 (22... Ne5 23. Nxe5 dxe5 24. Rfc1 Nd6 25. Rxc5 Qb6 $44)) 21.
Qc2 Qb6 22. Rb1 Rb3 23. Nc4 Qb5 24. Nd2 Rb4 25. b3 $14 {1-0 Stamenkovic,
Z-Arsovic,Z/Belgrade 1995/CBM 047 ext (68)} {RR} Ne5 26. Ba3 Rd4 27. Bb2 Qd3
28. Qxd3 Rxd3 29. Rfd1 Nb6 30. f4 Ned7 31. Bf1 Bd4+ 32. Bxd4 Rxd4 33. Kf2 Nf6
34. Bg2 Ra8 35. Rb2 Ra3 36. Rc1 h5 37. Bf3 Rb4 38. Rbc2 Rd4 39. Re1 Kg7 40. Re3
{Stamenkovic,Z-Arsovic,Z/Belgrade 1995/CBM 047 ext/1-0 (69)}) 20... Qb6 (20...
Ne5 $140 $2 21. f4) 21. Na3 {[%cal Ga3c4]} (21. Nc3 $143 Qb4 22. Ra4 Qb3 23.
Ra3 Qb4 24. Qc2 Ncb6 $44) 21... Qb3 ({Certainly Black can't take b2-pawn.} 
21... Bxb2 $2 22. Rb1) ({Also} 21... f5 22. Nc4 Qc7 23. Qc2 $1 {leads to
White's clear advantage.}) 22. Nc4 Ne5 ({Once again} 22... f5 23. Ra3 Qb5 24.
Qc2 fxe4 25. Bxe4 $16 {leads to White's clear advantage.}) 23. Na5 Qd3 $5 {
It may seem that the black knight finally arrives at d3...} ({In the event of} 
23... Qb5 {White also keeps advantage with precise play.} 24. Qc2 $1 (24. Qxb5
Rxb5 25. Rd1 Nb6 26. Nc6 Nec4 {not so clear.}) 24... Nb6 (24... Ra8 25. Bd2 Qd3
26. Qd1 $1 $16 {[%cal Gd2c3]}) 25. Bd2 Qd3 26. Rfc1 $1 $16) 24. Qd1 $1 {
Commenting for the Russian "64" monthly on his game against Kotsur from the
recent Aeroflot Open Emil Sutovsky says: "One of the most difficult things in
chess are quiet backward moves". Actually this is the most difficult move in
the game. White doesn't allow Black's N to penetrate into White's camp 
(d3-square).} Ra8 25. Ra3 Qb5 26. Rb3 $5 {Very unexpected trick.} Qa4 (26...
Qxa5 $2 27. Ra3 {[%csl Ga8]}) 27. Ra3 {Winning a few seconds with this move
repetion.} Qb5 28. Rb3 Qa4 29. Nc6 $1 (29. Ra3 $11) 29... Nxc6 30. dxc6 Be5 ({
Of course} 30... Qxc6 $2 {is bad in view of} 31. e5 $18 {[%csl Ga8]}) (30...
Ra7 {runs into} 31. Rb7 Qxc6 32. Rxa7 Nxa7 33. e5 $16) 31. f4 ({Far less
convincing was} 31. Be3 c4 $1 (31... Qxc6 $2 32. f4) 32. Ra3 Qxc6 33. Rxa8 Qxa8
) 31... Bd4+ 32. Be3 $1 {The point, White sacrifices the exchange getting a
very strong play along the dark-squares.} ({After} 32. Kh2 $143 Qxc6 33. e5 d5
34. Be3 Ra4 $1 {Black has good chances to equalise.}) 32... c4 33. Bxd4 Qxb3 ({
After} 33... cxb3 34. f5 $1 {White's attack would be extremely dangerous.} Ra6
(34... Qxc6 35. Qd2 $1 {[%cal Gd2h6]} Qc4 36. Rc1 Qa4 37. Bf6 $18) 35. Qd2 Rxc6
36. Bf6 d5 37. e5 $16) 34. Qg4 {Threatening Qg5-f6} Qd3 ({During the game i
evaluated} 34... Na7 {like the best defensive opportunity,but also here after}
35. Qg5 Nxc6 36. Bc3 Qb6+ 37. Kh2 $1 (37. Kh1 $6 d5 38. exd5 $140 $2 (38. Qxd5
$142 Rad8 39. Qxc4 Nd4) 38... Nd4 39. f5 Ne2 $3 {[%csl Gg3]}) 37... d5 38. exd5
Nd4 39. f5 $1 {White wins} Re2 (39... Ne2 40. Qh6 Nxc3 41. f6 {wins}) 40. Qh6
$18) (34... Ne7 {-34...Na7}) 35. Bc3 d5 {To neutralize Bc3 is a very difficult
task as the following lines show:} (35... Na7 36. Qg5 {[%csl Gb5]} Nxc6 37. Qf6
Kf8 38. e5 $18) (35... Nb6 36. Rd1 Qe3+ 37. Kh2 Na4 38. Bf6 Re6 39. e5 $1) (
35... Rb8 36. Qg5 Rb3 37. Qf6 Rxc3 38. Qxc3 $18) 36. exd5 Nd6 {The best.} 37.
f5 $1 (37. Be5 Rxe5 38. fxe5 Qe3+ 39. Kh2 Qxe5 {and Black still has some
practical chances.}) 37... Ne4 (37... Nxf5 38. Rxf5 Qxf5 39. Qd4 (39. Qxf5 gxf5
40. d6 {should be enough as well.}) 39... f6 40. d6 $18) 38. fxg6 hxg6 39. Qf4
$1 $18 {Last accurate move ,now White wins easily.} Nxc3 (39... Qxd5 40. Bxe4
Rxe4 41. Qf6 $18) 40. Qxf7+ Kh8 41. Qf6+ Kg8 42. Qxc3 Re2 (42... Qxc3 43. bxc3
Rad8 44. Rf4 {hopeless for Black.}) 43. d6 $5 (43. Qxd3 cxd3 44. d6 d2 (44...
Rc2 45. c7) 45. c7 Re1 46. d7 d1=Q 47. c8=Q+ Kh7 48. Qxa8 $18) 43... Rxg2+ (
43... Qxd6 44. Qxc4+ {[%cal Gc4e2]} Re6 45. Re1 Rae8 46. Rxe6 Rxe6 47. c7) 44.
Kxg2 Qd5+ 45. Qf3 Qxd6 46. Qf7+ Kh8 47. Qf6+ Qxf6 48. Rxf6 Kg7 49. Rd6 1-0

[Event "EU-chT (Men) 14th"]
[Site "Plovdiv"]
[Date "2003.10.11"]
[Round "1.4"]
[White "Avrukh, Boris"]
[Black "Nikolaidis, Ioannis"]
[Result "1-0"]
[WhiteElo "2609"]
[BlackElo "2467"]
[Annotator "Avrukh,B"]
[PlyCount "93"]
[EventDate "2003.10.10"]
[EventType "team-swiss"]
[EventRounds "9"]
[EventCountry "BUL"]
[SourceTitle "CBM 098"]
[Source "ChessBase"]
[SourceDate "2004.02.03"]
[SourceVersion "1"]
[SourceVersionDate "2004.02.03"]
[SourceQuality "1"]
[WhiteTeam "Israel"]
[BlackTeam "Greece"]
[WhiteTeamCountry "ISR"]
[BlackTeamCountry "GRE"]

1. d4 Nf6 2. c4 e6 3. g3 c5 4. d5 d6 5. Nc3 exd5 6. cxd5 g6 7. Bg2 Bg7 8. Nf3
O-O 9. O-O Re8 10. Nd2 Nbd7 11. h3 a6 12. a4 Rb8 13. a5 {The rare continuation,
which leads to a very interesting positional play.} ({The main line is:} 13.
Nc4 Ne5 14. Na3) 13... b5 14. axb6 Nxb6 15. Qc2 a5 $5 $146 {[%cal Gc8a6]} ({
Black has two other interesting alternatives to thr text:} 15... c4 16. Rd1 Qc7
17. g4 $5 {[%csl Gf5]} (17. Nf1 Nfd7) 17... Bb7 18. Nf1 Nfd7 19. Ng3 Nc5 20.
Be3 Rxe3 21. fxe3 Be5 $44 {1-0 Vyzmanavin,A-Chekhov,V/Sverdlovsk 1987/EXT 99 
(35)}) (15... Bd7 16. e4 (16. Rxa6 $2 Qc8 {[%csl Gh3][%cal Gc8a6]}) 16... Bb5
17. Nxb5 (17. Rd1 $142 Nfd7 18. Nf3 $13) 17... axb5 18. Nb3 Nc4 19. Nd2 Nxd2
20. Bxd2 Ra8 $11 {0-1 Broomfield,M-Emms,J/Telford ENG 2003/The Week in Chess
444 (33)}) 16. Rd1 (16. Rxa5 $140 $2 Nbxd5 $1 {[%csl Ga5]}) (16. e4 Ba6 17. Rd1
Nc4 {and black has no problems}) 16... Ba6 17. Nf1 $1 Nc4 18. Rb1 (18. b3 Ne5 {
[%cal Gc5c4] and next c5-c4 is inevitable}) (18. e4 $6 Qb6 19. Ra2 Nd7 $15)
18... Qb6 ({Another interesting possibility:} 18... Nd7 $5 19. b3 Ncb6 20. Ne3
Bd4 $5 (20... c4 $140 21. b4 $1 $14) 21. Bd2 Ne5 {with very complicated play})
19. b3 {Finally white has to make this move and black get a clear plan to
provoke c5-c4 at the right moment.} Ne5 20. Ne3 Qc7 {[%cal Gc5c4]} (20... Qb4
$2 21. Bd2 {[%csl Gb4]}) 21. Bd2 Rb4 $1 (21... c4 22. Na2 $1 (22. Na4 Rbc8 23.
Rdc1 (23. b4 axb4 24. Rxb4 Rb8 $1 $11) 23... Qa7 24. b4 axb4 25. Rxb4 Rb8 $11)
22... Rbc8 23. b4 axb4 24. Nxb4 Bb7 25. Bc3 $14) 22. Rdc1 Reb8 23. Na4 {
[%csl Gb4]} (23. Qa2 $5 {[%csl Ga5]} c4 24. bxc4 Bxc4 $1 25. Nxc4 Qxc4 26. Qxa5
Rxb1 27. Rxb1 Rxb1+ 28. Nxb1 Qxe2 29. Qd8+ Bf8 30. Qxf6 Qd1+ 31. Kh2 Qxb1 $11)
23... Bxe2 $1 {The beginning of very sharp play} (23... R4b7 $6 24. f4 (24. Bc3
$5) 24... Ned7 25. Nc4 $1 {[%csl Ga5]} Bxc4 26. bxc4 $16 {[%csl Ga5]}) 24. Bxb4
Bd3 25. Qd1 ({Very complicated and unclear was:} 25. Qd2 axb4 $1 (25... Rxb4
26. Nc2 $1 (26. f4 Bxb1 27. fxe5 Ne4 28. Qe1 Bd3 $17) 26... Ne4 27. Qe3 Rxa4
28. bxa4 Nc3 29. Ne1 Bxb1 30. Rxc3 $16) 26. f4 (26. Ra1 Be4 $1 $44) 26... Bxb1
27. fxe5 Ne4 28. Qd1 Bxe5 29. Rxb1 Nxg3 $44) 25... Bxb1 ({Clearly worse} 25...
Rxb4 $143 $2 26. f4 $1 (26. Nc2 $14) 26... Bxb1 27. fxe5 Bh6 28. Rc3 $1 Ne4 29.
Ng4 Bg5 30. Qxb1 Nxc3 31. Nxc3 dxe5 32. Ne4 f5 33. Nxg5 fxg4 34. Qf1 $40) 26.
Bxc5 (26. Bc3 $2 Ba2 $1 $17 {[%csl Gb3]}) 26... Be4 $2 ({Missing a very nice
opportunity to equalize:} 26... Nd3 $1 27. Bxd6 Qxc1 28. Qxc1 Nxc1 29. Bxb8
Nxb3 30. d6 Bd3 $1 $11 {[%cal Gd3b5]}) 27. Bb6 $2 $138 (27. Bd4 $142 $1 Qd8 28.
f3 Bf5 29. Nxf5 gxf5 30. f4 Ned7 31. Rc4 $14 {[%csl Rf5]}) 27... Qd7 28. Bxa5 (
28. f3 $2 Bh6 $1 29. Rc3 (29. fxe4 $140 Rxb6 $17) 29... Bxe3+ 30. Bxe3 Bxd5 $17
) 28... Bh6 $1 $44 {This move came as something of an unpleasant surprise for
me,i'd completely overlooked this resource,when i played my 27th move.It took
me about 10 minutes to realize,that black has a very dangerous initiative for
the pawn and it will much easier for Nikolaidis to attack in mutual time
trouble.} 29. Bb6 (29. Bc7 $2 Bxe3 30. fxe3 Bxg2 31. Kxg2 Rb7 32. Nb6 Qf5 $40)
29... Qb5 30. Ba7 (30. Bc7 $143 Bxe3 (30... Re8 $2 31. Nc3) 31. fxe3 Bxg2 32.
Bxb8 Bf3 (32... Bxh3 33. Bxd6 $1) 33. Rc8+ Kg7 34. Qc2 Qxd5 {[%csl Gg1] looks
extremely dangerous for white}) 30... Bxg2 $1 (30... Bxe3 $143 31. fxe3 $1 Ra8
32. Nc3 {[%cal Gc3e4,Gc3b5]} Qb7 33. Nxe4 Nxe4 34. Bd4 Qxd5 35. Bb2 $1 $16) 31.
Bxb8 Be4 $2 (31... Bf3 $142 32. Rc8+ Kg7 33. Qc1 (33. Bxd6 $2 Bxd1 34. Bf8+ Kh8
35. Bxh6+ Ng8 $19) (33. Qf1 $6 Be2 $1 (33... Qb7 34. Bxd6) 34. Qc1 (34. Nc3
Nf3+ 35. Kh1 Bxf1 36. Nxb5 Bxe3 $17 37. fxe3 $140 $2 Ne4 {with mate}) (34. Qa1
Qd7 35. Rc2 Qxh3 {[%cal Ge5f3]}) 34... Nf3+ 35. Kg2 Bxe3 36. fxe3 (36. Qxe3 $2
Qxd5 $19 {[%csl Gg2]}) 36... Qxd5 $40) 33... Bxd5 34. Bxd6 Nf3+ 35. Kh1 Nd2+
36. Kg1 Nf3+ $11) 32. Rc8+ Kg7 33. Nc3 $138 (33. Bxd6 $142 $1 Nf3+ 34. Kg2 $1 {
it's much better for white to have the king on h2 instead of g1} (34. Qxf3 Bxf3
35. Bf8+ Kh8 36. Bxh6+ Ng8 37. Bf4 {[%cal Gf4e5]} f6 $11) 34... Ne1+ 35. Kh2
Nf3+ 36. Qxf3 Bxf3 37. Bf8+ Kh8 38. Bxh6+ Ng8 39. Bf4 f6 40. Nc3 Qxb3 41. d6 {
and d-pawn should be decisive}) 33... Qd7 34. Nxe4 Nxe4 35. Rc4 $1 (35. Rc2
$143 Bxe3 36. fxe3 Qxh3 $1 (36... Qb7 37. Qd4 $8 Nf6 (37... Ng5 38. Bxd6 Ngf3+
39. Kf2 Nxd4 40. Bxe5+ Kh6 41. exd4 Qxb3 42. Rc5 $11) 38. Qa7 Qxb3 39. Rf2 $11)
37. Rg2 Qf5 $1 {[%csl Rg1][%cal Ge5f3] with decisive attack}) 35... Nxg3 $2
$138 {Missing my next answer} (35... Nxf2 $1 36. Kxf2 Bxe3+ 37. Kxe3 Nxc4+ 38.
bxc4 Qe8+ $11 {[%cal Ge8b8]}) 36. Ng4 $1 Nxc4 37. bxc4 Nf5 (37... Nh5 38. Qd4+
f6 39. Bxd6 $1 Qxd6 40. Qa7+ Kf8 41. Nxh6 {and white wins}) 38. Qa1+ $18 Kf8
39. Qh8+ Ke7 40. Qf6+ Ke8 41. Nxh6 Nxh6 42. Bxd6 {The rest is very simple,as
black is absolutely hopeless.} Ng8 43. Qe5+ Kd8 44. Kg2 (44. Bb4 Qxh3 $140 45.
Ba5+ $1 Kd7 46. Qc7+ Ke8 47. Qd8#) 44... f6 45. Qg3 Nh6 (45... Ne7 46. Bb4 $18)
46. Qa3 Qb7 47. Bf4 {[%cal Ga3f8]} 1-0

[Event "URS-ch46 First League"]
[Site "Ashkhabad"]
[Date "1978.??.??"]
[Round "12"]
[White "Kakageldyev, Amanmurad"]
[Black "Tseshkovsky, Vitaly"]
[Result "1/2-1/2"]
[WhiteElo "2415"]
[BlackElo "2570"]
[Annotator "Bulletin"]
[PlyCount "59"]
[EventDate "1978.10.??"]
[EventType "tourn"]
[EventRounds "17"]
[EventCountry "URS"]
[EventCategory "10"]
[SourceTitle "MCL"]
[Source "ChessBase"]
[SourceDate "1999.07.01"]
[SourceVersion "1"]
[SourceVersionDate "1999.07.01"]
[SourceQuality "1"]

1. d4 Nf6 2. c4 c5 3. d5 e6 4. Nc3 exd5 5. cxd5 d6 6. Nf3 g6 7. g3 Bg7 8. Bg2
O-O 9. O-O Re8 10. Nd2 a6 11. a4 Nbd7 12. h3 Rb8 13. Nc4 Ne5 14. Na3 Nh5 15. g4
Qh4 16. Ne4 h6 17. gxh5 Bxh3 18. Ng3 Ng4 19. Bf4 Bd4 20. e3 Bxe3 $1 21. fxe3
Bxg2 22. Kxg2 Qh2+ 23. Kf3 Rxe3+ 24. Bxe3 Ne5+ 25. Ke4 f5+ 26. Rxf5 gxf5+ 27.
Kxf5 Qh3+ $2 (27... Rf8+ 28. Ke6 Qh3+ 29. Kxd6 Qc8 $1 30. Kxe5 Qe8+ 31. Kd6
Rf6+ 32. Kxc5 Qxe3+ 33. Qd4 b6+ 34. Kc4 Rf4 35. Nf5 Qe2+ 36. Kb3 Rxd4 37. Nxd4
Qd3+ $19) 28. Ke4 Qg2+ 29. Kf5 Qh3+ $2 30. Ke4 1/2-1/2

[Event "Montreal International"]
[Site "Montreal"]
[Date "1979.04.14"]
[Round "4"]
[White "Hort, Vlastimil"]
[Black "Timman, Jan H"]
[Result "1/2-1/2"]
[WhiteElo "2600"]
[BlackElo "2625"]
[Annotator "ChessBase"]
[PlyCount "103"]
[EventDate "1979.04.11"]
[EventType "tourn"]
[EventRounds "18"]
[EventCountry "CAN"]
[EventCategory "15"]
[SourceTitle "MCL"]
[Source "ChessBase"]
[SourceDate "1999.07.01"]
[SourceVersion "1"]
[SourceVersionDate "1999.07.01"]
[SourceQuality "1"]

1. d4 Nf6 2. c4 e6 3. g3 c5 4. d5 exd5 5. cxd5 d6 6. Nc3 g6 7. Bg2 Bg7 8. Nf3
O-O 9. O-O Re8 10. Nd2 Nbd7 11. a4 a6 12. e4 Qc7 13. Qe2 Nb6 14. Qd3 Ng4 15. h3
Ne5 16. Qc2 c4 17. Nd1 a5 $1 (17... Nd3 $2 18. a5 Nb4 19. axb6 Nxc2 20. bxc7
Nxa1 21. Nxc4 Re7 22. Nb6 Rxc7 23. Bf4 Ra7 24. Bxd6 $18) 18. Ne3 Bd7 19. Rd1 $2
(19. f4 Qc5 20. fxe5 Qxe3+ 21. Kh2 Qd3 (21... Bxe5 22. Nf3 Qd3 23. Qf2 $132)
22. Qxd3 cxd3 23. exd6 Nxa4 $15) 19... Qc5 20. Nb1 Nd3 21. Nc3 Rac8 22. Bd2 f5
$1 23. exf5 Bxf5 24. Rf1 Ne1 25. Qd1 Nxg2 26. Kxg2 Bd3 27. Re1 Rf8 28. f4 Rce8
29. Kh2 g5 30. fxg5 Nd7 31. Ng2 Rxe1 32. Qxe1 Ne5 33. Kh1 Rf1+ (33... Qc8 $142
34. g4 Rf3 35. Nf4 Qf8 $19) 34. Qxf1 Bxf1 35. Rxf1 Nd3 36. Ne3 Qd4 37. Nf5 $1
Nf2+ 38. Kg2 Qxd2 39. Rxf2 Qxg5 40. Ne4 Qd8 41. Nfxd6 Qd7 42. Nf5 Kh8 (42...
Qxa4 43. Ne7+ Kh8 44. Ng5 h6 45. Ng6+ Kg8 46. Ne7+ $10) 43. d6 Qe6 44. Nc3 Be5
45. Nb5 (45. Rf3 Bxd6 46. Nxd6 Qxd6 47. Rf2 Qb4 48. Kh2 Kg7 49. Kg2 Qb3 50. Kh2
b5 51. axb5 a4 $17) 45... Qd5+ 46. Kh2 Qd3 47. Kg2 h5 (47... Qd5+ $142 48. Kh2
h5 49. h4 (49. Nc3 Qe6 50. Nb5 h4 51. Nxh4 Bxd6 52. Nxd6 Qxd6 $19) 49... Qd3
50. Kg2 Kg8 51. Ne7+ Kg7 52. Nf5+ Kf7 53. Nc7 $1) 48. Nc3 $1 Bxd6 (48... Bxc3
$2 49. bxc3 Qxc3 50. d7 Qd3 (50... Qf6 51. Nd4 Qe7 52. Rf7 Qe4+ 53. Kh2 $18)
51. Nd4 $1 $18) 49. Rf3 Qd2+ 50. Rf2 Qd3 51. Rf3 Qd2+ 52. Rf2 1/2-1/2

[Event "Baden-Baden"]
[Site "Baden-Baden"]
[Date "1985.08.06"]
[Round "6"]
[White "Timoscenko, Gennadij A"]
[Black "Kindermann, Stefan"]
[Result "0-1"]
[WhiteElo "2475"]
[BlackElo "2480"]
[Annotator "ChessBase"]
[PlyCount "72"]
[EventDate "1985.07.31"]
[EventType "tourn"]
[EventRounds "13"]
[EventCountry "GER"]
[EventCategory "9"]
[SourceTitle "MCL"]
[Source "ChessBase"]
[SourceDate "1999.07.01"]
[SourceVersion "1"]
[SourceVersionDate "1999.07.01"]
[SourceQuality "1"]

1. d4 Nf6 2. c4 e6 3. g3 c5 4. d5 exd5 5. cxd5 d6 6. Nc3 g6 7. Bg2 Bg7 8. Nf3
O-O 9. O-O a6 10. a4 Nbd7 11. Nd2 Re8 12. h3 Nh5 13. Kh2 (13. Nce4 $5) 13... f5
14. Nc4 $6 (14. e4) 14... Ne5 15. Nxe5 (15. Na3 $13) 15... Bxe5 16. e3 Rb8 17.
Qd3 Bd7 18. a5 $2 (18. f4 Bg7 19. a5 Nf6 $15) 18... Qh4 $1 $17 19. Kg1 (19. Bd2
Nxg3 20. fxg3 Qxg3+ 21. Kg1 Qh2+ 22. Kf2 f4 $1 (22... Bg3+ 23. Kf3 Bh4 24. Be1)
23. exf4 Bd4+ 24. Kf3 Bxh3 25. Bh1 g5 $19) (19. Ne2 Bb5) (19. e4 fxe4 20. Nxe4
Bb5 $19) 19... Nxg3 20. fxg3 Qxg3 21. Rf3 $2 (21. Rf2 Qh2+ (21... f4 $2 22. Ne2
) (21... g5 22. Bd2 g4 23. h4 Qxh4 $40) 22. Kf1 f4 23. exf4 (23. e4 f3 $1 24.
Rxf3 Rf8 $40) 23... Bd4 24. Bd2 Bf5 25. Qf3 c4 26. Ne2 $8 Bc5 $1 (26... Bd3 $6
27. Qxd3 cxd3 28. Nxd4 $13)) 21... Qh2+ 22. Kf2 f4 $1 (22... g5 23. Bd2 g4 24.
Rh1) 23. exf4 (23. e4 Bd4+ 24. Kf1 Qg1+ $19) 23... Bd4+ 24. Be3 Rxe3 25. Rxe3
Re8 26. Qxd4 $8 (26. Rae1 Bxh3 27. Qf1 Rxe3 28. Rxe3 Qxf4+ $19) (26. Ne4 Qxf4+
27. Bf3 Bb5 28. Qb3 Rxe4 $19) 26... cxd4 27. Rxe8+ Bxe8 28. Ne2 d3 $8 29. Ng3 (
29. Rh1 d2 30. Rxh2 d1=Q $19) 29... Bd7 30. Rh1 d2 31. Rxh2 d1=Q 32. Ne4 Qd4+
33. Kg3 h5 $1 34. Bf3 Bf5 35. Re2 Qg1+ 36. Bg2 h4+ (36... h4+ 37. Kxh4 Bxe4 38.
Bxe4 Qf1 39. Rg2 Qe1+ 40. Kg4 Qxe4 $19) 0-1